Surveying for civil and mine engineers. (Record no. 554185)

000 -LEADER
fixed length control field 00440nam a22001455i 4500
020 ## - INTERNATIONAL STANDARD BOOK NUMBER
International Standard Book Number 9783319531281
082 ## - DEWEY DECIMAL CLASSIFICATION NUMBER
Classification number 526.9
Author Mark WAL
-- N-02,P-99
100 ## - MAIN ENTRY--PERSONAL NAME
Personal name Walkar, John
9 (RLIN) 51500
245 00 - TITLE STATEMENT
Title Surveying for civil and mine engineers.
Remainder of title Theory, workshop and practicals
260 ## - PUBLICATION, DISTRIBUTION, ETC.
Place of publication, distribution, etc. Switzerland,
Name of publisher, distributor, etc. Springer,
Date of publication, distribution, etc. 2018.
300 ## - PHYSICAL DESCRIPTION
Extent xxi,260 pages.
526 ## - STUDY PROGRAM INFORMATION NOTE
Program name 0
Interest level 0
Reading level 0
Title point value 526_900000000000000_WAL
700 ## - ADDED ENTRY--PERSONAL NAME
Personal name Awange, Joseph
9 (RLIN) 51501
942 ## - ADDED ENTRY ELEMENTS (KOHA)
Source of classification or shelving scheme
Koha item type Book
Holdings
Withdrawn status Lost status Source of classification or shelving scheme Damaged status Not for loan Permanent Location Current Location Date acquired Total Checkouts Full call number Barcode Date last seen Price effective from Koha item type
          Military College of Engineering (MCE) Military College of Engineering (MCE) 12/20/2018   526.9 WAL MCE-50742 12/20/2018 12/20/2018 Book
© 2023 Central Library, National University of Sciences and Technology. All Rights Reserved.